The Goblin's toyshop and other stories

Bibliographic Details
Main Author: Blyton, Enid
Other Authors: Smith, Lesley (illustrated)
Format: Book
Published: London : Award Publications , 1997, 2015
Series:Star reads
Subjects:

MARC

LEADER 00000cam a2200000 7i4500
001 0000008620
002 000009396
005 20160920.0
020 |a 0861636937 
090 0 0 |a JF   |b BLY 
100 1 |a Blyton, Enid 
245 1 4 |a The Goblin's toyshop and other stories   |c Enid Blyton ; illustrated by Lesley Smith 
260 |a London :   |b Award Publications ,   |c 1997, 2015 
300 |a 192p. :   |b ill. ;   |c 19cm. 
490 0 |a Star reads 
650 0 0 |a Children's stories 
700 1 |a Smith, Lesley ,   |e illustrated 
999 |a 00160120   |b BUKU   |c PINJAMAN   |e PERPUSTAKAAN KOMUNITI PETALING JAYA 
999 |a 00160121   |b BUKU   |c PINJAMAN   |e PERPUSTAKAAN KOMUNITI PETALING JAYA 
999 |a 040855   |b BUKU   |c PINJAMAN   |e PERPUSTAKAAN KOMUNITI PETALING JAYA 
999 |a 041304   |b BUKU   |c PINJAMAN   |e PERPUSTAKAAN KOMUNITI PETALING JAYA 
999 |a 041305   |b BUKU   |c PINJAMAN   |e PERPUSTAKAAN KOMUNITI PETALING JAYA 
999 |a 045167   |b BUKU   |c PINJAMAN   |e PERPUSTAKAAN KOMUNITI PETALING JAYA 
999 |a 045169   |b BUKU   |c PINJAMAN   |e PERPUSTAKAAN KOMUNITI PETALING JAYA